Holiday Quiz

Random Holiday or Carol Quiz

Christmas Lyrics Trivia Quiz Stats

 Plays Quiz not verified by Sporcle

Score 0/30 Timer 08:00
0 Plays Today
Question Answer % Correct
Who nips at your nose while the chestnuts roast?Jack Frost
83.7%
Who did I see kissing Santa Claus last night?Mommy
82.8%
How many times is Santa Claus checking his list?twice
81.1%
Who was a jolly happy soul?Frosty the snow man
77.7%
What had Grandma been drinking too much of?eggnog
74.7%
What have I brought for popping?some corn
73.8%
What did the other reindeer shout out with?glee
72.1%
What golden instruments did the angels bend to touch?their harps
69.5%
In what direction are we three kings led?westward
68.2%
What food, which we all like, will we not go until we've got?figgy pudding
67.4%
Who can we pretend our snowman in the meadow is?Parson Brown
67.4%
What geographic features echo the angels' joyous strain?the mountains
62.7%
What toroidal toy does Alvin the Chipmunk want?a hula hoop
61.8%
What did I give you last Christmas, which you subsequently re-gifted?my heart
61.8%
What glisten on the white Christmases I used to know?treetops
60.9%
Question Answer % Correct
What do you hear on every street corner?silver bells
57.9%
Whose power was our Saviour born to save us all from?Satan's
54.9%
Who kept time for the little drummer boy?the ox and lamb
52.4%
What do fields, floods, rocks, hills, and plains all repeat?the sounding joy
51.9%
What Bohemian duke looked out on Dec 26?Wenceslaus I
49.4%
What raging king charged his men to slay young children?Herod
47.2%
Who told the little lamb about a star with a big tail?the night wind
41.6%
What do reindeer do up on the housetop?pause
40.3%
Of all the trees in the wood, which one bears the crown?the holly
36.9%
What will hearts be doing when loved ones are near?glowing
36.9%
What are Jeannette and Isabelle asked to quickly bring?a torch
31.3%
Who was seated by my side on the one-horse open sleigh?Miss Fannie Bright
28.8%
Which relative's mind is vicious?my maiden aunt's
25.3%
SPECIAL BONUS QUESTION:
Over the course of 12 days, how many birds did my true love give to me?
184
16.3%
What traditional meat dish is bedecked with bays and rosemary?the boar's head
12.4%

You're not logged in!

Compare scores with friends on all Sporcle quizzes.
OR
Log In

Sporcle TV

Today on Sporcle TV


Watch our educational content, quiz creation guides, and fun videos on Sporcle TV.

Show Comments

Extras

Top Quizzes Today


Score Distribution

Your Account Isn't Verified!

In order to create a playlist on Sporcle, you need to verify the email address you used during registration. Go to your Sporcle Settings to finish the process.

Report this User

Report this user for behavior that violates our Community Guidelines.

Details: